00470cam a22001577a 4500003000400000005001700004008004100021017002100062020001800083040001400101100001500115245005700130260003600187300002700223500006200250OSt20150708162907.0150626s2015 spca 000 0 spa|d aDL B. 10813-2015 a9788416290277 bcatcCDMR1 aAmat, Kiko10aChap chapb: una antología confesional cKiko Amat aBarcelona bBlackie Booksc2015 a496 p. :bil. ;c21 cm aRecull d'articles publicats per l'autor entre 1987 i 2014